Normal view
MARC view
Entry Personal Name
001 - CONTROL NUMBER
- control field: 259857
003 - CONTROL NUMBER IDENTIFIER
- control field: OSt
005 - DATE AND TIME OF LATEST TRANSACTION
- control field: 20260331150635.0
008 - FIXED-LENGTH DATA ELEMENTS
- fixed length control field: 260331|| aca||aabn | a|a d
040 ## - CATALOGING SOURCE
- Original cataloging agency: OSt
- Transcribing agency: OSt
100 ## - HEADING--PERSONAL NAME
- Personal name: UPADHYAY (Devraj).
- Dates associated with a name: उपाध्याय (देवराज)
670 ## - SOURCE DATA FOUND
- Source citation: Work cat.: (OSt)80613: UPADHYAY (Devraj). उपाध्याय (देवराज), Sahityik shodh ke siddhant aur samasyayen., 1967